banner-ar

دراسات فى المناهج والاساليب العامة / (Record no. 41764)

MARC details
000 -الفاتح
حقل البيانات ثابتة الطول 00669nam a2200205Ia 4500
008 - عناصر البيانات ثابتة الطول - معلومات عامة
حقل البيانات ثابتة الطول 140319s9999 xx 000 0 ara d
040 ## - مصدر الفهرسة
وكالة الفهرسة الأصلية GCL /
وكالة النسخ GCL
082 04 - رقم تصنيف ديوى العشرى
رقم التصنيف 375
رقم المادة ص د
100 1# - المدخل الرئيسى - إسم شخصى
الإسم الشخصى هشام عامر عليان
245 10 - بيان العنوان
العنوان دراسات فى المناهج والاساليب العامة /
بيان المسئوليه,etc هشام عامر عليان
700 1# - المدخل الاضافى - اسم شخصى
الإسم الشخصى صالح ذياب الهندى
300 ## - الوصف المادى
التعداد 232 ص
490 ## - بيان السلسلة
عنوان السلسلة كتاب
رقم المجلد/ التعيين التسلسلي 0
650 04 - المدخل الاضافى بالموضوع-مصطلح موضوعى
مصطلح موضوعي المناهج
650 04 - المدخل الاضافى بالموضوع-مصطلح موضوعى
مصطلح موضوعي الاختبارات والقياسات التعليمية
650 04 - المدخل الاضافى بالموضوع-مصطلح موضوعى
مصطلح موضوعي المسرح التجارى - المغرب
650 04 - المدخل الاضافى بالموضوع-مصطلح موضوعى
مصطلح موضوعي المناهج - تطوير
942 ## - عناصر المدخل الإضافي( كوها)
مصدر التصنيف او مخطط الترفيف Dewey Decimal Classification
Koha [default] item type كتاب
Holdings
حالة التراجع حالة الفقد حالة تلف ليس للاعارة المكان المؤقت الموقع الحالى تاريخ الاكتساب اجمالي اﻻعارات رقم الطلب الباركود تاريخ اخر مشاهدة تاريخ تفعيل السعر نوع وعاء كوها
        مكتبة القاهرة الكبرى مكتبة القاهرة الكبرى 03/26/2014   375\ص د 100890 03/26/2014 03/26/2014 كتاب
        مكتبة القاهرة الكبرى مكتبة القاهرة الكبرى 03/26/2014   375\ص د 100891 03/26/2014 03/26/2014 كتاب
        مكتبة القاهرة الكبرى مكتبة القاهرة الكبرى 03/26/2014   375\ص د 100892 03/26/2014 03/26/2014 كتاب

Powered By

EGPV